[Event "VIII Iberoamericano Mexico 2022"]
[Site "Mexico City"]
[Date "2022.02.19"]
[Round "8.30"]
[White "Francisco Cruz, Yahir Alberto"]
[Black "Blanco Fernandez, Alvaro"]
[Result "1/2-1/2"]
[WhiteElo "1949"]
[BlackElo "2216"]
[Annotator "TA"]
[PlyCount "97"]
[EventDate "2022.02.12"]
[EventType "swiss"]
[EventCountry "MEX"]
[SourceTitle "playchess.com"]
[Source "ChessBase"]
[SourceQuality "1"]

{[%evp 9,97,5,18,10,33,0,46,11,5,4,52,16,44,33,107,0,16,11,5,10,41,17,57,11,98,0,75,77,139,164,475,479,470,464,530,514,500,345,328,329,364,359,358,341,339,211,200,191,191,0,0,0,0,0,0,0,0,-8,-8,-8,0,0,0,0,0,0,0,-27,-19,-26,-22,-40,0,0,0,0,0,0,0,0,0,-8,0,0,0,-8,0,0,0,0]} 1. c4 Nf6 2. g3 e6 3. Bg2 d5 4. d4 Bb4+ 5. Bd2 a5 6. a3 {E01: Catalan: Early deviations.} Bd6 7. Nc3 {[%cal Rc4d5]} c6 {[#]} (7... O-O $11) 8. c5 $146 {White is slightly better.} ({Predecessor:} 8. Qc2 b6 9. Nf3 Ba6 10. cxd5 cxd5 11. O-O Nbd7 12. Rfc1 Rc8 13. Qa4 O-O 14. Nb5 {0-1 (66) Korenova,M (2190)-Voiska,M (2350) Moscow 1994}) 8... Bc7 9. f4 h5 (9... b6 $11 {should be considered.}) 10. b4 b6 11. Nf3 h4 ({Better is} 11... Ba6 $14) 12. Ne5 ({Much worse is} 12. gxh4 $6 Ba6 $14) (12. Nxh4 $16 Ba6 13. Nf3) 12... hxg3 13. hxg3 Rxh1+ 14. Bxh1 Ke7 15. Be3 Qh8 16. Kd2 (16. Bf3 $1 $14) 16... Qh3 (16... axb4 $11 {remains equal.} 17. axb4 Rxa1 18. Qxa1 Nfd7) 17. Qg1 (17. cxb6 $16 Bxb6 18. Bf3) 17... Bb7 (17... axb4 $11 18. axb4 Rxa1 19. Qxa1 b5) 18. Bf3 {White is more active.} Nbd7 (18... axb4 $2 19. axb4 Qh8 20. Rxa8 Bxa8 21. Qa1 $18) ({Black should try} 18... b5) 19. b5 $1 $16 Nxe5 (19... Bxe5 {is a better chance.} 20. dxe5 Ng4) 20. dxe5 $18 Nd7 21. cxb6 Bd8 22. Bc5+ Ke8 23. Qf2 Nxc5 24. Qxc5 Be7 25. Qf2 c5 26. Rh1 Qf5 27. Rh8+ Kd7 {[%cal Be8d7,Bd7c8,Bc8b7,Bb7a7][%mdl 32]} 28. Rxa8 {Dancing on a razor blade.} Bxa8 29. Na4 $2 (29. Qh2 $1 $18 {[%cal Rh2h8]} Bf8 30. Qh1) 29... Qb1 $36 {[%mdl 2048] Black fights for an advantage.} 30. Nxc5+ Kc8 31. Nd3 {To avoid Qb2+} Qxb5 32. Qd4 Kb7 33. e4 {[%cal Re4d5]} Qxb6 34. Qa4 Ka7 {Strongly threatening ...Bc6.} 35. exd5 exd5 36. Qe8 Qc7 37. Qa4 (37. Qxf7 $2 Bb4+ $1 {[%mdl 512]} 38. axb4 Qxf7 $19) 37... Bc6 38. Qc2 {[%cal Of3d5] And now Bxd5! would win.} (38. Qb3 $5 {[%cal Rf3d5]}) 38... Qb6 (38... Bxa3 $2 {[#]} 39. Bxd5 $1 {[%mdl 512]} Kb6 40. Qb3+ Bb4+ 41. Nxb4 axb4 42. Qxb4+ Bb5 43. Qd4+ Ka6 44. f5 $18) 39. Qc3 Bb7 40. Be2 d4 41. Qc4 {The position is equal.} Bxa3 42. Qxf7 Bb4+ {A strong pair of Bishops.} 43. Kd1 (43. Nxb4 $2 Qxb4+ 44. Kd1 Qb1+ 45. Kd2 Qb2+ 46. Ke1 (46. Kd1 $2 Qa1+ 47. Kd2 Qc3+ 48. Kd1 d3 $19) 46... Qc3+ 47. Kf2 Qe3+ 48. Ke1 Qxg3+ 49. Kd1 d3 $19) 43... Ba3 {Threatens to win with ...Qb1+.} 44. Qa2 {Prevents Qb1+.} ({But not} 44. Qxg7 $2 Qb1+ 45. Kd2 Bb4+ 46. Nxb4 Qxb4+ 47. Kd1 Qb3+ 48. Ke1 Qc3+ 49. Kf2 Qe3+ 50. Kf1 d3 51. Bxd3 Qxd3+ 52. Kf2 Qf3+ 53. Ke1 Qc3+ 54. Kf1 a4 $19) 44... Be7 45. Nb2 Bb4 46. Nd3 Be7 47. Nb2 Qb4 48. Nd3 Qb6 49. Nb2 {Black escapes into a draw.  Weighted Error Value: White=0.27 (precise) /Black=0.24 (precise)} 1/2-1/2

[Event "VIII Iberoamericano Mexico 2022"]
[Site "Mexico City"]
[Date "2022.02.19"]
[Round "8.31"]
[White "Zacarias Rodriguez, Santiago"]
[Black "Zacarias, M Ruben D"]
[Result "1-0"]
[WhiteElo "1896"]
[BlackElo "2174"]
[Annotator "RC"]
[PlyCount "51"]
[EventDate "2022.02.12"]
[EventType "swiss"]
[EventCountry "MEX"]
[SourceTitle "playchess.com"]
[Source "ChessBase"]
[SourceQuality "1"]
[TimeControl "5400+30"]

1. e4 {[%emt 1:31:00]} c5 {[%emt 0:00:08]} 2. Nf3 {[%emt 0:00:00]} d6 {[%emt 0:00:06]} 3. d4 {[%emt 0:00:00]} cxd4 {[%emt 0:00:05]} 4. Nxd4 {[%emt 0:00:00]} Nf6 {[%emt 0:00:08]} 5. Nc3 {[%emt 0:00:00]} a6 {[%emt 0:00:10]} 6. Be2 {[%emt 0:00:00]} e5 {[%emt 0:00:09]} 7. Nb3 {[%emt 0:00:00]} Be7 {[%emt 0:00:07]} 8. Bg5 {[%emt 0:00:00]} Nbd7 {[%emt 0:01:25]} 9. a4 {[%emt 0:00:00]} b6 {[%emt 0:00:08]} 10. Bc4 {[%emt 0:00:00]} Bb7 {[%emt 0:00:06]} 11. Qe2 {[%emt 0:00:00]} O-O {[%emt 0:00:28]} 12. O-O {[%emt 0:00:00]} Qc7 {[%emt 0:01:09]} 13. Nd2 {[%emt 0:00:00]} Rfc8 {[%emt 0:02:11]} 14. Bb3 {[%emt 0:00:00]} Qd8 {[%emt 0:03:07]} 15. Rfd1 {[%emt 0:00:00]} Rc5 {[%emt 0:08:47]} 16. Nc4 {[%emt 0:00:00]} Qc7 {[%emt 0:05:47]} 17. Be3 {[%emt 0:00:00]} Rc6 {[%emt 0:00:05]} 18. Nd5 {[%emt 0:00:00]} Qd8 {[%emt 0:00:06]} 19. Nxf6+ {[%emt 0:00:00]} gxf6 {[%emt 0:01:47]} 20. Qg4+ {[%emt 0:00:00]} Kh8 {[%emt 0:00:34]} 21. Bh6 {[%emt 0:00:00]} Bf8 {[%emt 0:00:17]} 22. Nxd6 {[%emt 0:00:00]} Rxd6 {[%emt 0:04:20]} 23. Rxd6 {[%emt 0:00:00]} Bxh6 {[%emt 0:03:28]} 24. Rxd7 {[%emt 0:00:00]} Qc8 {[%emt 0:00:29]} 25. Qf5 {[%emt 0:00:00]} Bg7 {[%emt 0:07:13]} 26. Rxb7 {[%emt 0:00:00]} 1-0

[Event "VIII Iberoamericano Mexico 2022"]
[Site "Mexico City"]
[Date "2022.02.19"]
[Round "8.32"]
[White "Real Pereyra, Jeronimo"]
[Black "Nava Ruiz, Miguel Angel"]
[Result "1-0"]
[WhiteElo "2147"]
[BlackElo "1696"]
[Annotator "TA"]
[PlyCount "73"]
[EventDate "2022.02.12"]
[EventType "swiss"]
[EventCountry "MEX"]
[SourceTitle "playchess.com"]
[Source "ChessBase"]
[SourceQuality "1"]

{[%evp 10,73,25,0,36,0,2,2,0,0,0,0,0,-41,75,60,79,74,73,86,81,50,122,62,127,82,162,164,150,166,158,121,114,79,100,92,91,92,105,62,39,7,156,157,223,224,273,231,229,158,223,225,352,370,410,420,416,410,379,392,435,421,485,480,440,393]} 1. e4 c6 2. d4 d5 3. e5 Bf5 4. h4 h6 5. g4 Bd7 6. h5 e6 {B12: Caro-Kann: Advance Variation.} (6... c5 $5) 7. Bd3 c5 8. dxc5 Bxc5 {The position is equal.} 9. Nf3 Nc6 10. c3 {[#]} Qc7 $146 ({Predecessor:} 10... a5 11. Nbd2 a4 12. a3 Qc7 13. Qe2 Nge7 14. Kf1 Ba7 15. Bc2 Bb8 16. Nb1 Na5 {1-0 (51) Szentgyorgyi,S (1862)-Kalmar,K (2023) Budapest 2011}) 11. Bf4 {[#]} (11. Qe2 $1 $11 {feels stronger.}) 11... O-O-O (11... Nf6 $1 $15 {keeps the upper hand.} 12. Qe2 (12. exf6 $2 Qxf4 13. fxg7 Rg8 $19) 12... Nxg4) 12. Bg3 a5 {To avoid b4} 13. a3 Nge7 14. b4 Bb6 15. Nbd2 Na7 ({Better is} 15... Kb8 $14) 16. a4 ({White should try} 16. c4 $16) 16... Kb8 {[#]} (16... d4 $1 $14) 17. Rc1 $1 $16 Qc6 (17... Nac8 $16) 18. b5 $18 Qc5 19. Nb3 Qa3 20. Ra1 Qb2 21. Qc2 $36 {[%mdl 2048] Black is under strong pressure.} Qxc2 22. Bxc2 Rc8 23. Kd2 Rc4 24. Nfd4 (24. Bd3 $16) 24... Rhc8 $14 25. Bh4 Ng8 (25... g5 $11 26. hxg6 Nxg6) 26. Rh3 $16 {White is more active.} Re8 (26... f6 $16 {keeps fighting.} 27. f4 fxe5 28. fxe5 Nxb5 29. Nxb5 Bxb5) 27. Bd3 $18 Rc7 28. f4 Nc8 29. Re1 Nce7 (29... Nge7 $16 30. Rb1 Bxd4 31. cxd4 (31. Nxd4 Nb6 $14) 31... Nb6) 30. Bf2 Ka7 {[#]} (30... Rc4 $142) 31. Nxa5 $1 {[%mdl 512]} Rxc3 (31... Rec8 32. Nab3) 32. Kxc3 Bxa5+ 33. Kb3 {And now Nc6+ would win.} Bxe1 34. Bxe1 f6 35. a5 {White is clearly winning.} fxe5 36. fxe5 {Strongly threatening Rf3.} Rf8 37. Rf3 {Weighted Error Value: White=0.15 (very precise) /Black=0.40} 1-0

[Event "VIII Iberoamericano Mexico 2022"]
[Site "Mexico City"]
[Date "2022.02.19"]
[Round "8.33"]
[White "Paredes Guzman, Francisco Javier"]
[Black "Davalos Prieto, Abel Justo"]
[Result "1/2-1/2"]
[WhiteElo "1891"]
[BlackElo "2103"]
[Annotator "TA"]
[PlyCount "148"]
[EventDate "2022.02.12"]
[EventType "swiss"]
[EventCountry "MEX"]
[SourceTitle "playchess.com"]
[Source "ChessBase"]
[SourceQuality "1"]

{[%evp 17,148,-15,0,-18,24,-19,22,-24,-41,-30,-20,-29,-27,-31,-28,-27,-9,-20,-14,-15,0,-43,-52,-75,-67,-104,-120,-116,-106,-111,-70,-101,-121,-122,-95,-147,-136,-137,28,29,14,15,56,48,212,229,208,141,206,228,377,377,345,83,100,86,79,47,47,36,36,35,35,35,36,35,46,10,11,10,11,12,22,25,29,27,33,33,37,10,10,10,10,10,67,11,11,10,10,10,22,22,31,3,10,0,0,0,13,11,17,11,14,3,42,42,42,42,42,42,42,42,42,9,12,0,0,5,14,9,13,0,7,3,16,16,35,10,30,0,0,0,25]} 1. d4 Nf6 2. c4 e6 3. Nc3 d5 4. Nf3 Be7 5. Bg5 h6 6. Bh4 O-O 7. e3 b6 8. cxd5 {8.Be2 is the hot move.} Nxd5 9. Bg3 Bb7 10. Bc4 {D59: Queen's Gambit Declined: Tartakower Defence: Main line (8 cxd5 Nxd5).} c5 (10... Nd7 $142) 11. O-O {[#]} (11. Bxd5 {is more appropriate.} Bxd5 12. dxc5 (12. Nxd5 exd5 13. Rc1 Nc6 $11)) 11... cxd4 $146 (11... Nxc3 $142 12. bxc3 Nd7) ({Predecessor:} 11... Nxc3 12. bxc3 Nd7 13. Qe2 Nf6 14. Nd2 cxd4 15. cxd4 Bd6 16. a4 Bxg3 17. hxg3 Rc8 18. a5 bxa5 19. Nb3 Ne4 20. Nxa5 {½-½ (69) Naranja,R-Reyes,R Manila 1967}) 12. exd4 (12. Nxd4 Nxc3 13. bxc3 Qc8 $15) (12. Bxd5 $142 Bxd5 13. Nxd4 (13. Nxd5 Qxd5 14. Qxd4 Qxd4 $11)) 12... Nxc3 $11 13. bxc3 Nd7 14. Rc1 Rc8 15. Bd3 Nf6 16. Qe2 {To avoid Ne4} Re8 17. Rfd1 Qd5 18. Be5 Nd7 19. Bb5 (19. c4 $11 Qc6 20. Bg3) 19... Red8 $15 (19... Nxe5 20. dxe5 Qc5 21. Bxe8 Rxe8 22. Rd7 $16) 20. Bg3 Ba3 21. c4 Qe4 22. Qxe4 Bxe4 23. Rc3 Bb4 (23... Bb2 $17 24. Rb3 Bc2 $1 25. Rxb2 Bxd1) 24. Re3 Bb7 25. d5 Nc5 {Hoping for ...a6.} 26. Rb1 (26. Bh4 $142 g5 27. Nxg5 hxg5 28. Bxg5) 26... Ba5 $17 27. Nd4 a6 $2 (27... exd5 $17 {aiming for ...a6.} 28. cxd5 Rxd5) 28. Bc6 $36 {[%mdl 2048] White is pushing.} exd5 29. cxd5 (29. Bxb7 Nxb7 30. Nf5 Rxc4 $17) 29... Kf8 (29... Bxc6 $2 30. Nxc6 f6 31. Nxd8 Rxd8 32. d6 $18) (29... Bd2 $11 {was preferrable.}) 30. h4 $14 ({Reject} 30. Bxb7 Nxb7 31. Nc6 Rxd5 32. Nxa5 (32. Ne7 Rb5 $17) 32... Nxa5 $17) 30... Rxd5 $2 ({Weaker is} 30... Bxc6 31. Nxc6 Rd7 32. Nxa5 bxa5 33. Rc1 Rxd5 34. Re5 Rxe5 35. Bxe5 $18) ({Better is} 30... Bd2 $14) 31. Bxd5 $18 Bxd5 32. Bd6+ Kg8 {[#]} 33. Nf5 $1 {Black must now prevent Ne7+.} Rd8 (33... Kh7 {was called for.} 34. Ne7 Rd8) 34. Bxc5 bxc5 35. Rd1 $2 (35. Rd3 $18 {is the precise move to win.}) 35... Be6 $16 36. Rxd8+ Bxd8 {[%mdl 4096] Endgame KRN-KB. A strong pair of Bishops.} 37. Re5 g6 $1 38. Ne3 ({But not} 38. Nxh6+ Kg7 39. Rxe6 fxe6 $15) 38... Bxh4 39. Rxc5 {Ra5 is the strong threat.} Bxa2 40. Ra5 {[%csl LRa2,LRa6]} Be6 41. Rxa6 Kg7 42. f4 Bf6 43. Kf2 h5 44. Kf3 Kh7 45. Ke4 Kg7 46. Nd5 Bf5+ 47. Kf3 Bd4 48. Ne7 Bg4+ 49. Ke4 Bf6 50. Ra7 Kf8 (50... Bxe7 $11 51. Rxe7 Kf6) 51. Nc6 ({White should try} 51. Nd5 $14 Bf5+ 52. Ke3) 51... Bf5+ 52. Kd5 h4 53. Kd6 Kg7 54. Ne5 Be6 55. Nf3 Kh6 $1 56. Rc7 Kh5 57. Nh2 Kh6 58. Rc5 Bd4 59. Ra5 Bf2 60. Nf3 Bg3 61. Ke5 $1 Kh5 $1 62. Ke4+ Bf5+ 63. Ke3 f6 $1 64. Nd4 Kg4 $1 65. Ne2 Bh2 66. Ra6 g5 67. fxg5 Kxg5 68. Ra5 Be5 69. Ra8 Be6 70. Ng1 Bd5 71. Rd8 Bc6 72. Rg8+ Kf5 73. Nh3 Bg3 74. Ng1 Ke5 {Black defended with fortune.  Weighted Error Value: White=0.18 (very precise) /Black=0.20 (precise)} 1/2-1/2

[Event "VIII Iberoamericano Mexico 2022"]
[Site "Mexico City"]
[Date "2022.02.19"]
[Round "8.34"]
[White "Encinas Varela, David"]
[Black "Martinez Morales, Geovanni"]
[Result "1/2-1/2"]
[WhiteElo "1862"]
[BlackElo "2098"]
[Annotator "TA"]
[PlyCount "55"]
[EventDate "2022.02.12"]
[EventType "swiss"]
[EventCountry "MEX"]
[SourceTitle "playchess.com"]
[Source "ChessBase"]
[SourceQuality "1"]

{[%evp 17,55,-32,-19,-25,-24,-21,-11,-28,-27,-32,-13,-17,-9,-12,-7,-5,0,-24,142,146,307,290,316,335,316,293,273,0,0,0,0,-97,0,-141,0,0,0,0,0,0]} 1. e4 e6 2. d3 d5 3. Nd2 Nf6 4. Ngf3 Nc6 5. g3 dxe4 6. dxe4 Bc5 7. Bg2 e5 8. O-O O-O 9. Qe2 Qe7 10. Nb3 {C00: French: Unusual White 2nd moves.} Bb6 11. c3 (11. Nbd2 {is interesting.} a5 12. c3 Rd8 13. a4 Bc5 14. Nh4) 11... a5 (11... Rd8 {seems wilder.} 12. Nbd2 a5 13. a4 Bc5 14. Nh4 Bg4) 12. Be3 Bxe3 13. Qxe3 b6 14. Rfd1 Ba6 15. Nh4 {[%cal Bf3h4,Bh4f5,Bf5h6][%mdl 32] [#]} Qe6 $146 ({Predecessor:} 15... Rfd8 16. Nf5 Qf8 17. Qe1 Rd7 18. Rxd7 Nxd7 19. Rd1 Rd8 20. Ne3 a4 21. Nc1 Nf6 {0-1 (39) Lux,W (1994)-Ritzka,S (2011) Bayern 2018}) 16. Nf5 h6 17. Bh3 {[%cal Of5h6] Threatens to win with Nxh6+!} Qc4 $2 ({Black should try} 17... Kh7 $11) 18. Nxh6+ $1 $16 Kh7 $2 {[#]} (18... Kh8 $16) 19. Qg5 $1 $18 {[%cal Od1d7]} Nxe4 (19... Bc8 20. Bxc8) 20. Bf5+ ({Less strong is} 20. Qh4 gxh6 21. Bf5+ Kg7 22. Bxe4 Qe6 $16) 20... g6 21. Qh4 {White wants to mate with Nxf7+. Really sharp!} gxf5 22. Nd4 $2 Nxd4 23. Nxf5+ Kg6 24. Ne7+ Kg7 {( -> ...Nf3+)} 25. cxd4 {[#]} (25. Rxd4 $1 $11 {keeps the balance.} exd4 26. Nf5+ Kg6 27. Ne7+ Kg7 28. Nf5+ Kg6 29. Ne7+ Kg7) 25... Qe2 (25... Qe6 $1 $17 {White must now prevent ...exd4.} 26. Rac1 {[#]} (26. Qxe4 Qxe7) 26... Rh8 $1 27. Qxe4 Qxe7) 26. Nf5+ $11 {The position is equal.} Kg6 27. Ne7+ Kg7 28. Nf5+ {Weighted Error Value: White=0.31/Black=0.35} 1/2-1/2

[Event "VIII Iberoamericano Mexico 2022"]
[Site "Mexico City"]
[Date "2022.02.19"]
[Round "8.35"]
[White "Ruiz Perez, Juan Octavio"]
[Black "Alvarado Rubio, Matias Uziel"]
[Result "1-0"]
[WhiteElo "2074"]
[BlackElo "1691"]
[Annotator "TA"]
[PlyCount "61"]
[EventDate "2022.02.12"]
[EventType "swiss"]
[EventCountry "MEX"]
[SourceTitle "playchess.com"]
[Source "ChessBase"]
[SourceQuality "1"]

{[%evp 22,61,41,39,79,80,106,37,48,36,86,77,112,94,118,78,71,82,99,95,76,59,230,200,324,318,308,295,377,364,279,178,929,133,1081,1035,2539,2526,5722,5722,29997,29998]} 1. e4 {[%cal Be2e4,Be4e5][%mdl 32]} e6 2. d4 d5 3. Nc3 Nf6 4. e5 Nfd7 5. f4 c5 6. Nf3 Nc6 7. Be3 Qb6 8. Na4 Qa5+ 9. c3 cxd4 10. b4 Qc7 11. Nxd4 Nxd4 12. Bxd4 a6 {C11: French: Classical System: 4 e5 and 4 Bg5 dxe4.} 13. Bd3 Be7 {[#]} 14. h4 $146 (14. Qe2 $16) ({Predecessor:} 14. O-O O-O 15. Qe2 g6 16. Qe3 Rb8 17. Nb2 b6 18. Nd1 f5 19. exf6 Nxf6 20. Nf2 Bd6 {1-0 (37) Vysochin,S (2501)-Sidorika,V (2355) Kiev 2020}) 14... b5 $14 {White is slightly better.} 15. Nb2 Nb6 {[#]} (15... Nb8 $14) 16. a4 $1 $16 Nc4 17. Qe2 {And now axb5 would win.} Qb7 18. axb5 axb5 19. O-O Bd7 20. Nxc4 bxc4 21. Bc2 {White is more active.} g6 $2 {To avoid f5} ({Black should play} 21... O-O $14) 22. f5 $18 Bxh4 (22... gxf5 {was called for.} 23. Bxf5 h5) 23. f6 Bg5 24. Be3 Bxe3+ 25. Qxe3 Kd8 26. Ra5 {[#] aiming for Rfa1.} Ra6 $2 (26... Kc7) 27. Qc5 $2 (27. Rfa1 $18 Bb5 28. Qc5) 27... Re8 $2 {[%mdl 8192] This move loses the game for Black.} (27... Rxa5 $16 28. bxa5 Qc7 29. Qe7+ Kc8) 28. Rfa1 Rc6 29. Qd4 {Strongly threatening Ra7.} ({And not} 29. Ra8+ Kc7 30. Qa5+ Qb6+ 31. Kf1 Qxa5 32. R8xa5 Rb6 $11) 29... Qb6 30. Ra8+ Kc7 31. R1a7+ {[%mdl 64] Skewer.  Weighted Error Value: White=0.52/Black=0.89} 1-0

[Event "VIII Iberoamericano Mexico 2022"]
[Site "Mexico City"]
[Date "2022.02.19"]
[Round "8.36"]
[White "Macias Zamora, Jose Armando"]
[Black "Rosales Campos, Paul"]
[Result "1/2-1/2"]
[WhiteElo "1488"]
[BlackElo "2039"]
[Annotator "ChessBase"]
[PlyCount "73"]
[EventDate "2022.02.12"]
[EventType "swiss"]
[EventCountry "MEX"]
[SourceTitle "playchess.com"]
[Source "ChessBase"]
[SourceQuality "1"]
[TimeControl "5400+30"]

1. e4 {[%emt 0:00:03]} c5 {[%emt 0:00:37]} 2. Nf3 {[%emt 0:00:08]} e6 {[%emt 0:00:35]} 3. d4 {[%emt 0:00:11]} cxd4 4. Nxd4 {[%emt 0:00:10]} Nf6 {[%emt 0:01:28]} 5. Nc3 {[%emt 0:00:25]} Nc6 {[%emt 0:00:28]} 6. Nxc6 bxc6 {[%emt 0:00:48]} 7. Bd3 {[%emt 0:05:16]} d5 {[%emt 0:01:54]} 8. O-O {[%emt 0:00:22]} Be7 {[%emt 0:01:27]} 9. Qe2 {[%emt 0:02:51]} O-O {[%emt 0:06:35]} 10. b3 {[%emt 0:08:01]} Re8 {[%emt 0:09:58]} 11. Bb2 {[%emt 0:09:12]} Qc7 {[%emt 0:10:58]} 12. e5 {[%emt 0:06:50]} Nd7 {[%emt 0:02:01]} 13. Na4 {[%emt 0:01:09]} Nf8 {[%emt 0:12:41]} 14. f4 {[%emt 0:06:13]} c5 {[%emt 0:05:53]} 15. c4 {[%emt 0:02:54]} d4 {[%emt 0:07:59]} 16. Be4 {[%emt 0:03:06]} Bb7 {[%emt 0:05:59]} 17. Bc1 {[%emt 0:04:49]} Rad8 {[%emt 0:04:38]} 18. Nb2 {[%emt 0:01:45]} Bc8 {[%emt 0:03:59]} 19. Bd2 {[%emt 0:06:39]} f5 {[%emt 0:03:14]} 20. Bf3 {[%emt 0:05:35]} Bd7 {[%emt 0:02:32]} 21. Qe1 {[%emt 0:02:38]} Rb8 {[%emt 0:00:10]} 22. Ba5 {[%emt 0:03:13]} Qc8 {[%emt 0:00:15]} 23. Nd3 {[%emt 0:00:39]} g6 {[%emt 0:04:04]} 24. Rc1 {[%emt 0:10:24]} Qa6 {[%emt 0:05:00]} 25. Rf2 {[%emt 0:03:02]} Rec8 {[%emt 0:00:16]} 26. Rfc2 {[%emt 0:00:33]} Be8 {[%emt 0:02:02]} 27. b4 {[%emt 0:01:47]} cxb4 {[%emt 0:00:43]} 28. Bxb4 {[%emt 0:00:06]} Bxb4 {[%emt 0:00:39]} 29. Nxb4 {[%emt 0:00:01]} Qa3 {[%emt 0:00:24]} 30. Nd5 {[%emt 0:04:18]} exd5 {[%emt 0:00:54]} 31. Bxd5+ {[%emt 0:00:17]} Kg7 {[%emt 0:00:38]} 32. Qh4 {[%emt 0:00:29]} Rb6 {[%emt 0:06:42]} 33. c5 {[%emt 0:00:28]} Qe3+ {[%emt 0:00:34]} 34. Kh1 {[%emt 0:01:12]} g5 {[%emt 0:00:36]} 35. Qxg5+ {[%emt 0:00:25]} Ng6 {[%emt 0:00:19]} 36. g3 {[%emt 0:03:28]} Rbc6 {[%emt 0:00:16]} 37. Rb1 {[%emt 0:02:30]} 1/2-1/2

[Event "VIII Iberoamericano Mexico 2022"]
[Site "Mexico City"]
[Date "2022.02.19"]
[Round "8.38"]
[White "Garcia de Dios, Jose Antonio"]
[Black "Cortes Rodriguez, Marco"]
[Result "1-0"]
[WhiteElo "2145"]
[BlackElo "2001"]
[Annotator "TA"]
[PlyCount "79"]
[EventDate "2022.02.12"]
[EventType "swiss"]
[EventCountry "MEX"]
[SourceTitle "playchess.com"]
[Source "ChessBase"]
[SourceQuality "1"]

{[%evp 12,79,71,72,81,54,85,77,83,79,91,85,90,66,108,78,118,81,85,90,145,145,165,167,162,163,168,172,175,192,256,272,289,286,250,165,128,86,87,8,16,0,0,0,0,-97,-93,-97,-87,-194,-188,-251,364,428,1246,1196,1196,1185,1961,1964,2461,2620,2716,2517,29982,29982,29989,29990,29990,29991]} 1. d4 Nf6 2. c4 e6 3. Nc3 c5 4. d5 exd5 5. cxd5 d6 6. e4 Be7 7. Bd3 O-O {A65: Modern Benoni: 6 e4.} 8. h3 Re8 {[%cal Oc5c4]} 9. Nf3 Bf8 {[%cal Of6e4] White is better.} 10. O-O a6 11. a4 {Prevents b5.} Nbd7 12. Re1 Rb8 (12... b6 $14 {might be stronger.}) 13. Bf4 Qc7 {[#]} 14. Nd2 $146 ({Predecessor:} 14. a5 g6 15. Bh2 Nh5 16. Qd2 Ne5 17. Nxe5 dxe5 18. Na4 Bd7 19. Nb6 Bb5 20. Rac1 {½-½ (40) Budisavljevic,L (2509)-Meissner,F (2362) Belgrade 2021}) 14... Ne5 15. Bf1 Ng6 ({Black should try} 15... h6) 16. Bh2 $16 b6 17. f4 {[%cal Oe4e5]} Nd7 18. Kh1 Bb7 19. Nc4 Ba8 20. e5 dxe5 (20... Rbd8 {is a better defense.} 21. Bd3 (21. exd6 Bxd6 22. Nxd6 Rxe1 $18) 21... Be7) 21. fxe5 $18 Qb7 22. e6 fxe6 23. dxe6 (23. Bxb8 $6 Qxb8 24. Rxe6 Rxe6 25. dxe6 Nf6) 23... Nf6 24. Bxb8 {White is much more active.} (24. Qb3 $142 {Black must now prevent e7.} Kh8 25. Rad1 (25. Bxb8 Qxb8 26. Re3 Qf4 $16)) 24... Qxb8 $16 25. Qb3 (25. Kg1 $16) 25... Be7 $1 $11 26. Rad1 (26. Qxb6 Qg3 27. Re3 (27. Qxa6 Nh4 $19) 27... Qf2) 26... Qg3 {...Qxh3+ is the strong threat.} 27. Re3 (27. Qxb6 $2 Nf4 28. Ne3 g6 $19) (27. Nxb6 $2 Qxh3+ 28. Kg1 Qg3 $19) 27... Qf2 28. Ne2 (28. Qxb6 $2 Nf4 29. Re2 Qg3 30. Qxa6 Nxe2 31. Nxe2 Qxh3+ 32. Kg1 Qh6 $19) (28. Re2 $11 Qg3 29. Re3 (29. Qxb6 $2 Nf4 $19) (29. Nxb6 $2 Qxh3+ 30. Kg1 Qg3 $19)) 28... Nh4 {[%cal Ra8g2]} 29. Rg3 Ne4 {Hoping for ...b5.} 30. Rg4 {[#]} (30. Kh2 $17) 30... Rf8 $1 $19 {aiming for ...h5.} 31. Nxb6 ({Don't go for} 31. Qxb6 $2 h5 32. Rxh4 Qxh4 $19) (31. Qd3 $142 Qxf1+ 32. Rxf1 Rxf1+ 33. Kh2 Rh1+ 34. Kxh1 Nf2+ 35. Kg1 Nxd3 36. Nxb6) 31... Nd2 $4 {[%mdl 8192]} 32. Qc3 $18 {[%csl Gg4][%cal Rc3g7]} ({But not} 32. Rxd2 Qe1 33. Rxg7+ (33. Qc3 $2 {is a self mate.} Rxf1+) 33... Kxg7 34. Qg3+ Qxg3 35. Nxg3 Rb8 $18) 32... Qxf1+ (32... Nf5 $142 33. Rxd2 Qxf1+ 34. Kh2 Qe1) 33. Rxf1 Rxf1+ 34. Ng1 {[%csl Gg4][%cal Rc3g7]} Bf6 35. Qxd2 Nf3 36. gxf3 Bxf3+ 37. Kh2 Be5+ {[#]} 38. Rg3 $1 {[%cal Rd2d8] White mates.} h5 (38... Bc6 39. Qd8+) 39. Qd8+ Kh7 40. Qd3+ {White used his chance.  Weighted Error Value: White=0.24 (precise) /Black=0.58} 1-0